000 00871nam a2200217Ii 4500
003 JO-AjNU
008 230605s9999||||xx |||||||||||||| ||und||
020 _a1-56564-340-2
040 _aJO-AjNU
_bara
_erda
_cJO-AjNU
041 _aara
050 1 4 _aBP190.5.R4.N3125 2011
100 3 _aترجمة الصادق، صاحب ؛ مراجعة صادق العبادي ؛ جمع وتصنيف: مهدي جهرمي، محمد باقري,
_eauthor
_952455
245 0 0 _aنقد الفكر الديني عند الشيخ مرتضى مطهري
250 _aط1
264 3 1 _aفيرجينيا: المعهد العالمي للفكر الاسلامي، 2011
300 _a240ص
336 _atext
_btxt
_2rdacontent
337 _aunmediated
_bn
_2rdamedia
338 _avolume
_bnc
_2rdacarrier
650 4 _aالاسلام- متفرقات- الشيخ مرتضى مطهري
_952456
999 _aA23237
_c26805
_d26805